Dwayne Johnson Movies - Statistics

General Stats
  • This quiz has been taken 49 times
    32 since last reset
  • The average score is 20 of 63
Answer Stats
Year Movie % Correct
2022 Black Adam
77%
2017 Jumanji: Welcome to the Jungle
77%
2019 Jumanji: The Next Level
73%
2010 Tooth Fairy
68%
2015 Furious 7
64%
2018 Rampage
64%
2015 San Andreas
64%
2016 Central Intelligence
59%
2013 Fast and Furious 6
59%
2005 Doom
55%
2019 Fast and Furious Presents: Hobbs and Shaw
55%
2016 Moana
55%
2017 The Fate of the Furious
55%
2004 Walking Tall
55%
2021 Jungle Cruise
50%
2021 Red Notice
50%
2018 Skyscraper
50%
2001 The Mummy Returns
50%
2002 The Scorpion King
50%
2005 Be Cool
45%
2010 Faster
45%
2011 Fast Five
45%
2019 Fighting With My Family
45%
2013 G.I. Joe: Retaliation
41%
2014 Hercules
41%
2013 Pain and Gain
41%
2006 Southland Tales
41%
2010 The Other Guys
41%
2008 Get Smart
36%
2003 The Rundown
36%
2017 Baywatch
32%
2021 Free Guy
32%
2019 Shazam!
32%
2006 Gridiron Gang
27%
2012 Journey 2: The Mysterious Island
27%
TBD Jungle Cruise 2
27%
2009 Race to Witch Mountain
27%
TBD San Andreas 2
27%
2023 Red One
23%
2013 Snitch
23%
2013 Empire State
18%
2009 Planet 51
18%
2007 The Game Plan
18%
2010 You Again
14%
2022 DC's League of Super-Pets
9%
TBD Doc Savage
9%
TBD Hobbs and Shaw 2
9%
2015 Jem and the Holograms
9%
2001 Longshot
9%
TBD The King
9%
2010 Why Did I Get Married Too?
9%
TBD Big Trouble in Little China
5%
2007 Reno 911! Miami
5%
TBD Emergency Contact
0%
2011 Method
0%
2014 My Trip Back to the Dark Side
0%
TBD Son of Shaolin
0%
TBD Space Jam 3
0%
TBD Teddy Bear
0%
TBD The Janson Directive
0%
2019 The Untold Story
0%
TBD Untitled Kate Warne Biopic
0%
TBD Untitled Red Notice Sequel
0%
No matching quizzes found
Score Distribution
Percent of People with Each Score
Percentile by Number Answered
Your Score History
You have not taken this quiz since the last reset